000 00459nam a2200181Ia 4500
001 11313
005 20260306162819.0
008 260306t2001||||xx |||||||||||||| ||spa||
041 _aESP
082 _a985.03
_bL564
100 _aLohmann Villena, Guillermo
_eAUT
245 0 _aEl corregidor de indios en el Perú bajo los Austrias
260 _c2001
300 _a721 páginas :
_c20 cm.
650 _aGEN
654 _aCHU
942 _cLIB
_dJUS
_fJUS
_2ddc
_n
999 _c11313
_d11313